Résumé express : quel est ce film ? - Statistiques

Statistiques générales
  • Ce quiz a été pris 211 fois
  • Le résultat moyen est 11 sur 16
Statistiques - réponses
Résumé en 5 mots Film % Correct
Papi vole maison avec ballons Là-Haut
93%
Jouets vivent quand tu pars Toy Story
93%
Pirate, singe, rhum, malédiction, antilles Pirates des Caraïbes
92%
Magicien, lunettes, serpent, école, éclaire Harry Potter
89%
Gars petit, anneau, marche longtemps Le Seigneur des Anneaux
87%
Enfants volés, crocodile, pirate, horloge Peter Pan
86%
Mec court partout, raconte vie Forrest Gump
83%
Club secret, savon, grosse claque Fight Club
76%
Vaisseau, robot, sable, père, destin Star Wars
76%
Tueur, fuite, silence, papillon brebis Le Silence des Agneaux
70%
Gars triste, piano, nazis, silence Le Pianiste
59%
Mec dort, mec rêve, encore Inception
55%
Enfant seul, voleurs, pièges mortels Maman, j’ai raté l’avion
55%
Mec maigre parle avec ballon Seul au monde
40%
Mec flippant dans les rêves Freddy
37%
Journaliste, zoo, mensonges, tigre, nombre L’Odyssée de Pi
7%
Aucun quiz correspondant
Distribution des résultats
% des personnes avec chaque résultat
Percentile par nombre de réponses
Votre historique - résultats
Vous n’avez pas pris ce quiz